000 00800nam a2200229 i 4500
001 188799
003 ES-MaACL
005 20230906223315.0
007 t|
008 190215s1964 sp ||||1| spa d
100 1 _aPorcher, Pierre.
_9166304
245 1 0 _aCómo interpretar... una radiografía gastroduodenal /
_cP. Porcher..., C. Lacuire... ; traducción del Dr. Gumersindo Díaz López.
260 _aMadrid :
_bDaimon,
_c[1964]
300 _a144 p. :
_bil. ;
_c16 cm.
490 1 _aColección Médica Internacional ;
_v17
650 4 _aAparato digestivo-
_xRadiografía.
_9166305
700 1 _aDíaz López, Gumersindo.
_9166306
700 1 _aLacuire, C.
_9166307
830 0 _aColección Médica Internacional ;
_v17
_9183453
852 _aES-MaACL
_jP-488-15
999 _c188799
_d188799